000 00522nam a2200169Ia 4500
999 _c12100
_d12100
003 OSt
005 20201027125326.0
008 190216s9999||||xx |||||||||||||| ||und||
040 _coclc
082 _a823.8
_bCOL/M
100 _aCollins, Wilkie
_94984
245 4 _aThe Moonstone /
_cWilkie Collins
260 _bPeace Publications,
_c1967.
_aLondon:
300 _a283p
650 _aEnglish Stories-English Stories-English Stories-English Stories
942 _cBK
_2ddc
_h823.8
_iCOL/M
_k823.8
_mCOL/M